[Event "DEM U12/U12w 2009"]
[Site "Willingen GER"]
[Date "2009.05.31"]
[Round "1"]
[White "Keller, Peter"]
[Black "Lerch, Philipp"]
[Result "0-1"]
[Termination "normal"]
[Board "10"]
[WhiteElo "1458"]
[BlackElo "1900"]
[PlyCount "62"]
[WhiteFideId "1272105"]
[BlackFideId "4654129"]
[EventCountry "GER"]
[EventRounds "11"]
[EventType "swiss"]
[EventDate "2009.05.30"]

1. e4 c6 2. d4 d5 3. Nc3 dxe4 4. Nxe4 Nd7 5. Nf3 Ngf6 6. Nxf6+ Nxf6 7. Bd3 e6
8. Bf4 Bd6 9. Bxd6 Qxd6 10. O-O O-O 11. c3 b6 12. Qc2 Bb7 13. Rae1 Rfd8 14. Ng5
h6 15. Ne4 Qe7 16. Nxf6+ Qxf6 17. Be4 Ba6 18. Bd3 Bxd3 19. Qxd3 c5 20. Rd1 cxd4
21. cxd4 Rd5 22. Rfe1 Rad8 23. Re4 e5 24. Qc2 exd4 25. Rd3 Qf5 26. f3 Rc5 27.
Qb3 Rc1+ 28. Rd1 Rxd1+ 29. Qxd1 d3 30. Kf2 Qc5+ 31. Kg3 d2 0-1

[Event "DEM U12/U12w 2009"]
[Site "Willingen GER"]
[Date "2009.05.31"]
[Round "1"]
[White "Grigorian, Spartak"]
[Black "Damm, Nils"]
[Result "1-0"]
[Termination "normal"]
[Board "11"]
[WhiteElo "1765"]
[BlackElo "1458"]
[PlyCount "53"]
[WhiteFideId "24661490"]
[BlackFideId "24693065"]
[EventCountry "GER"]
[EventRounds "11"]
[EventType "swiss"]
[EventDate "2009.05.30"]

1. d4 d5 2. c4 Nc6 3. cxd5 Qxd5 4. e3 e5 5. Nc3 Bb4 6. Bd2 Bxc3 7. bxc3 exd4 8.
cxd4 Nf6 9. f3 O-O 10. Bd3 Re8 11. Ne2 Qd6 12. O-O b6 13. Qc1 Bb7 14. Be1 Rad8
15. Bf2 Nb4 16. Bb5 c6 17. Bc4 b5 18. Bb3 Qe7 19. Bg3 Qxe3+ 20. Qxe3 Rxe3 21.
Nf4 Rxd4 22. Bf2 Rxb3 23. Bxd4 Ra3 24. Bc5 a5 25. Rad1 g5 26. Rd8+ Kg7 27. Bf8+
1-0

[Event "DEM U12/U12w 2009"]
[Site "Willingen GER"]
[Date "2009.05.31"]
[Round "1"]
[White "Hoffmann, Tim"]
[Black "Bonk, Andras"]
[Result "0-1"]
[Termination "normal"]
[Board "12"]
[WhiteElo "1455"]
[BlackElo "1759"]
[PlyCount "107"]
[WhiteFideId "12900338"]
[BlackFideId "24692123"]
[EventCountry "GER"]
[EventRounds "11"]
[EventType "swiss"]
[EventDate "2009.05.30"]

1. e4 c5 2. Nf3 Nc6 3. d4 cxd4 4. Nxd4 Nf6 5. Nc3 e6 6. Nxc6 bxc6 7. e5 Nd5 8.
Nxd5 cxd5 9. Be2 d6 10. Bf4 a6 11. O-O dxe5 12. Bxe5 Bd6 13. Qd4 Bxe5 14. Qxe5
f6 15. Qg3 O-O 16. c4 Bb7 17. Rad1 Qb6 18. b3 d4 19. Bd3 e5 20. Rfe1 Rae8 21.
f3 Qa5 22. Re2 Re7 23. Qh4 g6 24. Rde1 Qc3 25. Rd1 Kg7 26. Be4 Bxe4 27. Rxe4
Rfe8 28. Qe1 Qxe1+ 29. Rexe1 Rd7 30. Rd2 f5 31. Rde2 Kf6 32. h4 a5 33. Kf2 h5
34. g3 Rde7 35. Rd1 Rd8 36. Red2 Red7 37. Re1 Rd6 38. Kg1 Rf8 39. Rde2 d3 40.
Rd2 Ke6 41. Kf2 e4 42. Re3 Ke5 43. f4+ Kd4 44. Re1 Re8 45. Rdd1 e3+ 46. Kf3 d2
47. Ke2 Ke4 48. Rf1 Red8 49. Rb1 Rd3 50. Ra1 Rc3 51. Rf3 Rdd3 52. Rff1 Rc2 53.
Rfd1 Rdc3 54. Rab1 0-1

[Event "DEM U12/U12w 2009"]
[Site "Willingen GER"]
[Date "2009.05.31"]
[Round "1"]
[White "Priese, Annika"]
[Black "Töws, Manuel"]
[Result "1-0"]
[Termination "normal"]
[Board "14"]
[WhiteElo "1446"]
[BlackElo "1863"]
[PlyCount "61"]
[WhiteFideId "24673730"]
[BlackFideId "24654485"]
[EventCountry "GER"]
[EventRounds "11"]
[EventType "swiss"]
[EventDate "2009.05.30"]

1. e4 c5 2. Nf3 d6 3. d4 cxd4 4. Nxd4 Nf6 5. Nc3 a6 6. f3 e6 7. Be3 Be7 8. Qd2
b5 9. g4 Bb7 10. O-O-O O-O 11. Bh3 Qd7 12. g5 Ne8 13. Bg4 Nc6 14. Nxc6 Bxc6 15.
h4 b4 16. Ne2 d5 17. e5 a5 18. h5 a4 19. g6 b3 20. Kb1 bxa2+ 21. Ka1 Rb8 22. h6
fxg6 23. hxg7 Rf7 24. Nf4 Nxg7 25. Qh2 Nf5 26. Bxf5 gxf5 27. Rdg1+ Kf8 28. Qh6+
Ke8 29. Rg8+ Bf8 30. Bc5 Re7 31. Qxf8# 1-0

[Event "DEM U12/U12w 2009"]
[Site "Willingen GER"]
[Date "2009.05.31"]
[Round "1"]
[White "Hansch, Karsten"]
[Black "Herbst, Timothy"]
[Result "0-1"]
[Termination "normal"]
[Board "15"]
[WhiteElo "1839"]
[BlackElo "1416"]
[PlyCount "94"]
[WhiteFideId "24692239"]
[BlackFideId "12900346"]
[EventCountry "GER"]
[EventRounds "11"]
[EventType "swiss"]
[EventDate "2009.05.30"]

1. e4 c5 2. Nc3 Nc6 3. Bb5 g6 4. Bxc6 dxc6 5. d3 Bg7 6. Be3 b6 7. f4 Nf6 8. h3
O-O 9. Nf3 Qc7 10. O-O Be6 11. Qe1 Rad8 12. Qh4 Rfe8 13. Ng5 h6 14. Nxe6 fxe6
15. Qf2 Rf8 16. Qe2 Kh7 17. Rf3 Rf7 18. Raf1 e5 19. f5 g5 20. Nd1 Qd6 21. Nf2
e6 22. fxe6 Qxe6 23. Ng4 Rdf8 24. Rf5 Nxg4 25. Qxg4 Qxa2 26. b3 Rxf5 27. exf5
Qxc2 28. h4 Qxd3 29. Rf3 e4 30. Rh3 Qd5 31. hxg5 Qxf5 32. Qxf5+ Rxf5 33. gxh6
Bd4 34. g4 Rg5 35. Kh2 Bxe3 36. Rxe3 Rxg4 37. Kh3 Rf4 38. Kg2 Kxh6 39. Rg3 Kh5
40. Kh3 Rh4+ 41. Kg2 Rg4 42. Rxg4 Kxg4 43. Kf2 Kf4 44. Ke2 e3 45. Ke1 Kf3 46.
Kf1 e2+ 47. Ke1 a6 0-1

[Event "DEM U12/U12w 2009"]
[Site "Willingen GER"]
[Date "2009.05.31"]
[Round "1"]
[White "Stolberg, Daniel"]
[Black "Knopf, Felix"]
[Result "1-0"]
[Termination "normal"]
[Board "16"]
[WhiteElo "1412"]
[BlackElo "1741"]
[PlyCount "59"]
[BlackFideId "24692204"]
[EventCountry "GER"]
[EventRounds "11"]
[EventType "swiss"]
[EventDate "2009.05.30"]

1. Nf3 d5 2. g3 Nf6 3. Bg2 e6 4. d3 Be7 5. O-O O-O 6. Nbd2 d4 7. Re1 c5 8. Nf1
Nc6 9. e4 b5 10. Bg5 Qc7 11. h4 Rb8 12. N1h2 h6 13. Bxf6 Bxf6 14. Ng4 Be7 15.
Qd2 h5 16. Ngh2 e5 17. b3 c4 18. Qe2 cxd3 19. cxd3 Qa5 20. Rec1 Bd7 21. Nf1 Ba3
22. Rd1 Bb4 23. Ng5 f6 24. Bh3 Bxh3 25. Nxh3 Bc3 26. Rab1 Nb4 27. Qxh5 Qxa2 28.
Qg6 Qa6 29. h5 Qe6 30. Ng5 1-0

[Event "DEM U12/U12w 2009"]
[Site "Willingen GER"]
[Date "2009.05.31"]
[Round "1"]
[White "Yankelevich, Lev"]
[Black "Cech, Tim"]
[Result "1-0"]
[Termination "normal"]
[Board "17"]
[WhiteElo "1898"]
[BlackElo "1410"]
[PlyCount "47"]
[WhiteFideId "24684074"]
[BlackFideId "1270258"]
[EventCountry "GER"]
[EventRounds "11"]
[EventType "swiss"]
[EventDate "2009.05.30"]

1. e4 c6 2. Nf3 d5 3. exd5 cxd5 4. Ne5 Nd7 5. d4 e6 6. Bd3 Bd6 7. f4 Ngf6 8. c3
Qb6 9. Qe2 O-O 10. g4 Re8 11. g5 Ne4 12. Bxe4 Bxe5 13. Bxh7+ Kxh7 14. fxe5 Qa5
15. h4 Kg8 16. h5 b6 17. g6 f6 18. h6 Ba6 19. Qh2 Kf8 20. exf6 Nxf6 21. Qc7 Re7
22. hxg7+ Rxg7 23. Bh6 Ne8 24. Qf7# 1-0

[Event "DEM U12/U12w 2009"]
[Site "Willingen GER"]
[Date "2009.05.31"]
[Round "1"]
[White "Schwarz, Larissa"]
[Black "Tennert, Simon"]
[Result "0-1"]
[Termination "normal"]
[Board "18"]
[WhiteElo "1403"]
[BlackElo "1729"]
[PlyCount "114"]
[WhiteFideId "24699004"]
[BlackFideId "1270445"]
[EventCountry "GER"]
[EventRounds "11"]
[EventType "swiss"]
[EventDate "2009.05.30"]

1. e4 e5 2. Nf3 Nc6 3. d4 exd4 4. Nxd4 Qh4 5. Nc3 Bb4 6. Qd3 Nf6 7. Nxc6 bxc6
8. e5 Nd5 9. Be2 Nxc3 10. bxc3 Bc5 11. O-O O-O 12. Qc4 Qxc4 13. Bxc4 d5 14. Bb3
Ba6 15. Re1 Rfe8 16. Bf4 Re6 17. Rad1 Rae8 18. Bg3 f6 19. Bf4 fxe5 20. Be3 Bb6
21. Bxb6 cxb6 22. Re3 g6 23. Rde1 Kg7 24. a4 Bb7 25. Rd1 Rd6 26. Rde1 Rde6 27.
c4 d4 28. Rd3 c5 29. c3 e4 30. Rg3 d3 31. Rge3 Kf6 32. Rd1 Rd6 33. Kf1 Re7 34.
Rd2 Bc6 35. g3 Kg7 36. Kg2 Rf6 37. Kf1 Ref7 38. h4 Rf3 39. Rxf3 Rxf3 40. Bd1
Rf6 41. Kg1 Kf7 42. Kh2 Re6 43. Kg1 Ke7 44. Kf1 h6 45. Bg4 Rf6 46. Bd1 g5 47.
hxg5 hxg5 48. g4 Rf4 49. Ke1 Bd7 50. f3 exf3 51. Rxd3 Bxg4 52. Kf2 Rxc4 53.
Bxf3 Bxf3 54. Rxf3 Rf4 55. Rxf4 gxf4 56. Kf3 Kd6 57. Kxf4 Kd5 0-1

[Event "DEM U12/U12w 2009"]
[Site "Willingen GER"]
[Date "2009.05.31"]
[Round "1"]
[White "Kreyssig, Robert"]
[Black "Ismail, Nabil"]
[Result "1-0"]
[Termination "normal"]
[Board "19"]
[WhiteElo "1787"]
[BlackElo "1400"]
[PlyCount "147"]
[WhiteFideId "4662881"]
[EventCountry "GER"]
[EventRounds "11"]
[EventType "swiss"]
[EventDate "2009.05.30"]

1. f4 d5 2. Nf3 Nc6 3. e3 e6 4. b3 Nf6 5. Bb2 Bd6 6. Be2 Bd7 7. O-O Qe7 8. Ne5
O-O-O 9. a4 Rhg8 10. Na3 a6 11. d3 h6 12. Qd2 Bb4 13. c3 Bc5 14. b4 Bd6 15.
Nxd7 Nxd7 16. b5 Ncb8 17. c4 f5 18. d4 Bb4 19. Qc2 a5 20. Rfc1 g5 21. cxd5 Nb6
22. dxe6 gxf4 23. exf4 Bd6 24. Rf1 Qxe6 25. Bd3 Qe3+ 26. Kh1 Qe7 27. Bxf5+ N8d7
28. Nc4 Nxc4 29. Qxc4 Kb8 30. Bxd7 Qxd7 31. Rae1 Qg4 32. Qe2 Qh4 33. Qf2 Qg4
34. Qf3 Qg6 35. f5 Qg5 36. Bc1 Qh4 37. Bf4 Qf6 38. Be5 Qg5 39. Re2 Rde8 40.
Bxd6 cxd6 41. Rxe8+ Rxe8 42. f6 Qg6 43. f7 Rf8 44. Qf6 Qxf6 45. Rxf6 h5 46. Kg1
Kc7 47. Kf2 Kd7 48. Ke3 Ke7 49. Rf4 Rxf7 50. Rxf7+ Kxf7 51. d5 Kf6 52. Kf4 h4
53. g4 hxg3 54. hxg3 Kg6 55. g4 b6 56. g5 Kg7 57. Kf5 Kf7 58. g6+ Ke7 59. g7
Kf7 60. g8=Q+ Kxg8 61. Ke6 Kf8 62. Kxd6 Ke8 63. Kc7 Ke7 64. d6+ Ke6 65. d7 Kd5
66. Kxb6 Kc4 67. d8=Q Kb4 68. Qd4+ Kb3 69. Kxa5 Ka3 70. Qb4+ Ka2 71. b6 Ka1 72.
b7 Ka2 73. b8=R Ka1 74. Qb2# 1-0

[Event "DEM U12/U12w 2009"]
[Site "Willingen GER"]
[Date "2009.05.31"]
[Round "1"]
[White "Siegert, Gregor"]
[Black "Bluhm, Sonja Maria"]
[Result "0-1"]
[Termination "normal"]
[Board "20"]
[WhiteElo "1392"]
[BlackElo "1714"]
[PlyCount "92"]
[WhiteFideId "1271250"]
[BlackFideId "24654027"]
[EventCountry "GER"]
[EventRounds "11"]
[EventType "swiss"]
[EventDate "2009.05.30"]

1. d4 d5 2. c4 c6 3. Nc3 Nf6 4. e3 a6 5. Nf3 Bf5 6. Qb3 Ra7 7. Be2 e6 8. c5
Nbd7 9. Na4 Be7 10. O-O O-O 11. h3 Qc7 12. Bd3 Bxd3 13. Qxd3 h6 14. Bd2 Ne4 15.
b4 e5 16. Nc3 Nxc3 17. Qxc3 e4 18. Nh2 f5 19. a4 Raa8 20. Qb3 Bg5 21. f4 exf3
22. Nxf3 Bf6 23. b5 axb5 24. axb5 Rxa1 25. Rxa1 Nxc5 26. Qb2 Ne4 27. b6 Qd7 28.
Bb4 Re8 29. Qb3 c5 30. Be1 c4 31. Qa3 Rc8 32. Nd2 Nxd2 33. Bxd2 Qc6 34. Qa5 Bd8
35. Rb1 c3 36. Bxc3 Qxc3 37. Qxd5+ Kh8 38. Qxf5 Bg5 39. e4 Qxd4+ 40. Kh2 Qd6+
41. e5 Qf8 42. Qxf8+ Rxf8 43. g3 Re8 44. Rb5 Re6 45. Kg2 Be3 46. Kf3 Rxb6 0-1

[Event "DEM U12/U12w 2009"]
[Site "Willingen GER"]
[Date "2009.05.31"]
[Round "1"]
[White "Nöttling, Dominik"]
[Black "Mehling, Katharina"]
[Result "1/2-1/2"]
[Termination "normal"]
[Board "21"]
[WhiteElo "1781"]
[BlackElo "1352"]
[PlyCount "119"]
[WhiteFideId "24672807"]
[BlackFideId "12900362"]
[EventCountry "GER"]
[EventRounds "11"]
[EventType "swiss"]
[EventDate "2009.05.30"]

1. e4 d6 2. d4 Nf6 3. Nc3 g6 4. Nf3 Bg7 5. Bc4 O-O 6. Bg5 h6 7. Bh4 Nbd7 8. e5
dxe5 9. dxe5 Ng4 10. e6 Nde5 11. Qxd8 Rxd8 12. exf7+ Nxf7 13. Bg3 c6 14. h3 Nf6
15. Bxf7+ Kxf7 16. Ne5+ Ke8 17. O-O Nd5 18. Nxd5 Rxd5 19. Rae1 Bxe5 20. Bxe5
Bf5 21. Re2 Rad8 22. Bg7 h5 23. Rfe1 R8d7 24. Bf6 e6 25. f3 Kf7 26. Bc3 h4 27.
Kf2 Rd1 28. Rxd1 Rxd1 29. Rd2 Rxd2+ 30. Bxd2 Kf6 31. c3 Bb1 32. a3 Ba2 33. b4
Bb3 34. Be3 a6 35. Bb6 Bc4 36. Bd8+ Kf5 37. Bxh4 g5 38. g4+ Kf6 39. Bg3 Bd5 40.
h4 gxh4 41. Bxh4+ Kg6 42. Ke3 e5 43. a4 Kf7 44. a5 Ke6 45. f4 exf4+ 46. Kxf4
Bc4 47. Kg5 Kf7 48. Kf5 c5 49. bxc5 Bd5 50. Kg5 Kg8 51. Kf6 Bc6 52. g5 Bd5 53.
c4 Bc6 54. Bg3 Be4 55. Ke5 Bc6 56. Kf4 Bh1 57. g6 Bc6 58. Kf5 Bh1 59. c6 Bxc6
60. Kf6 1/2-1/2

[Event "DEM U12/U12w 2009"]
[Site "Willingen GER"]
[Date "2009.05.31"]
[Round "1"]
[White "Nitzsche, Pia"]
[Black "Manusina, Nicole"]
[Result "1-0"]
[Termination "normal"]
[Board "22"]
[WhiteElo "1350"]
[BlackElo "1685"]
[PlyCount "111"]
[WhiteFideId "12900370"]
[BlackFideId "24657514"]
[EventCountry "GER"]
[EventRounds "11"]
[EventType "swiss"]
[EventDate "2009.05.30"]

1. c4 c6 2. d4 d5 3. cxd5 cxd5 4. Nc3 Nf6 5. Nf3 Bf5 6. Bf4 Nc6 7. a3 e6 8. e3
a6 9. Be2 Be7 10. O-O O-O 11. Rc1 Rc8 12. b4 Na7 13. Na4 a5 14. Nc5 axb4 15.
axb4 Qb6 16. Qa4 Nc6 17. Ne5 Rfd8 18. Nxc6 bxc6 19. Qb3 Ne4 20. Nxe4 Bxe4 21.
b5 Bd6 22. Bxd6 Rxd6 23. Qa3 Rdd8 24. Qa6 Qxa6 25. bxa6 Rd7 26. Bb5 Rdc7 27.
Be2 Kf8 28. Rc3 Ke7 29. Ra1 Ra7 30. Rb3 Kd6 31. Rb7 Rc7 32. Rxa7 Rxa7 33. Kf1
f6 34. f3 Bg6 35. Ke1 e5 36. Kd2 Bf5 37. Kc3 Kc7 38. Kb4 Kb6 39. Ka4 Ra8 40.
Ra2 Ka7 41. Rb2 Rb8 42. Rxb8 Kxb8 43. Kb4 Kc7 44. Kc5 Bc8 45. h4 h6 46. g3 g6
47. Bf1 g5 48. hxg5 hxg5 49. a7 Bb7 50. Ba6 Ba8 51. f4 gxf4 52. gxf4 e4 53. f5
Bb7 54. Bxb7 Kxb7 55. a8=Q+ Kxa8 56. Kxc6 1-0

[Event "DEM U12/U12w 2009"]
[Site "Willingen GER"]
[Date "2009.05.31"]
[Round "1"]
[White "Volz, Alexander"]
[Black "Michels, Kim"]
[Result "1/2-1/2"]
[Termination "normal"]
[Board "23"]
[WhiteElo "1650"]
[BlackElo "1349"]
[PlyCount "58"]
[WhiteFideId "4669126"]
[BlackFideId "24690066"]
[EventCountry "GER"]
[EventRounds "11"]
[EventType "swiss"]
[EventDate "2009.05.30"]

1. e4 c5 2. Nf3 Nc6 3. d4 cxd4 4. Nxd4 g6 5. Nc3 Bg7 6. Be3 Nf6 7. f3 O-O 8.
Qd2 d6 9. O-O-O Bd7 10. g4 Nxd4 11. Bxd4 Be6 12. h4 Rc8 13. h5 a6 14. hxg6 hxg6
15. Qh2 Re8 16. Bd3 Qa5 17. Bxf6 Bxf6 18. Qh7+ Kf8 19. Rh2 Bxa2 20. Nxa2 Qxa2
21. Rdh1 Qxb2+ 22. Kd1 Qa1+ 23. Ke2 Qd4 24. Qh6+ Kg8 25. g5 Be5 26. Qh7+ Kf8
27. Qh6+ Kg8 28. Qh7+ Kf8 29. Qh6+ Kg8 1/2-1/2

[Event "DEM U12/U12w 2009"]
[Site "Willingen GER"]
[Date "2009.05.31"]
[Round "1"]
[White "Senf, Paul"]
[Black "Hirschmann, Jakob"]
[Result "0-1"]
[Termination "normal"]
[Board "24"]
[WhiteElo "1330"]
[BlackElo "1678"]
[PlyCount "76"]
[WhiteFideId "12900389"]
[BlackFideId "24652067"]
[EventCountry "GER"]
[EventRounds "11"]
[EventType "swiss"]
[EventDate "2009.05.30"]

1. e4 e6 2. d4 d5 3. Nc3 Bb4 4. e5 Ne7 5. a3 Bxc3+ 6. bxc3 c5 7. Nf3 Nbc6 8. a4
Qc7 9. Bd2 cxd4 10. cxd4 Nf5 11. c3 Na5 12. Bd3 Nc4 13. O-O b6 14. Bxf5 exf5
15. Re1 Be6 16. Qc1 Rc8 17. Bf4 Na5 18. Ra3 h6 19. h4 Nc6 20. Rb3 Qb7 21. Qa3
Na5 22. Rbb1 Nc4 23. Qb4 Qe7 24. Qxe7+ Kxe7 25. Rec1 Rc6 26. Ne1 Na5 27. Rc2
Rhc8 28. Bd2 Bd7 29. Rb4 Rc4 30. Ra2 Rxb4 31. cxb4 Nb3 32. Be3 Rc4 33. Nd3 Nxd4
34. Bxd4 Rxd4 35. Ne1 Rxb4 36. Rd2 Re4 37. Nf3 Rxa4 38. Rxd5 Bc6 0-1

[Event "DEM U12/U12w 2009"]
[Site "Willingen GER"]
[Date "2009.05.31"]
[Round "1"]
[White "Xiong, Ferdinand"]
[Black "Birnkraut, Tim"]
[Result "1/2-1/2"]
[Termination "normal"]
[Board "25"]
[WhiteElo "1815"]
[BlackElo "1328"]
[PlyCount "82"]
[WhiteFideId "24654132"]
[BlackFideId "24609587"]
[EventCountry "GER"]
[EventRounds "11"]
[EventType "swiss"]
[EventDate "2009.05.30"]

1. e4 e5 2. Nf3 Nc6 3. Bc4 Bc5 4. b4 Bxb4 5. c3 Ba5 6. d4 exd4 7. O-O Nge7 8.
Ng5 d5 9. exd5 Ne5 10. Bb3 dxc3 11. Ba3 Bg4 12. Qd4 f6 13. Ne4 Bb6 14. Qxc3
Nxd5 15. Qd2 Ne7 16. Qf4 N7g6 17. Qg3 Qd3 18. Ba4+ Kd8 19. Nbc3 Qxg3 20. hxg3
Ne7 21. Rad1+ Nd7 22. Rd2 Nc6 23. Kh2 Re8 24. f3 Bf5 25. Rfd1 h5 26. Nb5 a6 27.
Nbc3 Kc8 28. Nd5 Kb8 29. Nec3 Nc5 30. Bxc6 bxc6 31. Nb4 Kb7 32. Nc2 Bxc2 33.
Rxc2 Re7 34. Rb1 Re5 35. Nd1 Ka7 36. Rbc1 Nd3 37. Rb1 Rb5 38. Rb3 Ne5 39. Rbc3
Rd8 40. Nb2 Rd4 41. Bf8 Rd7 1/2-1/2

[Event "DEM U12/U12w 2009"]
[Site "Willingen GER"]
[Date "2009.05.31"]
[Round "1"]
[White "Jermann, Isabel"]
[Black "Imcke, Patrick"]
[Result "0-1"]
[Termination "normal"]
[Board "26"]
[WhiteElo "1328"]
[BlackElo "1711"]
[PlyCount "72"]
[BlackFideId "4622502"]
[EventCountry "GER"]
[EventRounds "11"]
[EventType "swiss"]
[EventDate "2009.05.30"]

1. c4 e5 2. g3 Nf6 3. Bg2 Bc5 4. Nc3 O-O 5. d3 Nc6 6. Bg5 Bxf2+ 7. Kf1 Bc5 8.
Nf3 Be7 9. Be3 d6 10. a3 a5 11. Nd5 Be6 12. Nxf6+ Bxf6 13. Rb1 d5 14. cxd5 Bxd5
15. Kf2 Nd4 16. Re1 Bb3 17. Qc1 Nc2 18. Rf1 Re8 19. Ne1 Nxe3 20. Qxe3 e4 21.
dxe4 Bd4 22. Nd3 Bxe3+ 23. Kxe3 Bc2 24. Rbc1 Bxd3 25. exd3 Qd6 26. Rc2 Rad8 27.
Rd1 f5 28. Rdd2 fxe4 29. Bxe4 Qd4+ 30. Ke2 c6 31. Rc1 Rf8 32. Kd1 Rf1+ 33. Kc2
Rxc1+ 34. Kxc1 Rf8 35. Kb1 Rf2 36. Rd1 Qxb2# 0-1

[Event "DEM U12/U12w 2009"]
[Site "Willingen GER"]
[Date "2009.05.31"]
[Round "1"]
[White "Schmücker, Felix"]
[Black "Faden, Maximilian"]
[Result "1/2-1/2"]
[Termination "normal"]
[Board "27"]
[WhiteElo "1657"]
[BlackElo "1325"]
[PlyCount "63"]
[WhiteFideId "12900273"]
[EventCountry "GER"]
[EventRounds "11"]
[EventType "swiss"]
[EventDate "2009.05.30"]

1. e4 e6 2. d4 d5 3. Nc3 c5 4. exd5 exd5 5. Nf3 Be6 6. Be2 Nc6 7. Be3 Nf6 8.
O-O Qb6 9. Na4 Qc7 10. Nxc5 Bd6 11. Nxe6 fxe6 12. h3 Ne4 13. c3 O-O 14. Ng5
Nxg5 15. Bxg5 Rf5 16. Be3 Raf8 17. Bd3 R5f6 18. Qh5 g6 19. Qg4 Ne7 20. f4 Nf5
21. Bxf5 exf5 22. Qf3 Qc6 23. Bd2 Re6 24. Rfe1 Rfe8 25. Rxe6 Rxe6 26. Re1 Re4
27. Rxe4 dxe4 28. Qe2 Qa4 29. a3 Qc2 30. b4 Kg7 31. g3 b5 32. Qxb5 1/2-1/2

[Event "DEM U12/U12w 2009"]
[Site "Willingen GER"]
[Date "2009.05.31"]
[Round "1"]
[White "Weber, Sandra"]
[Black "Zimmermann, Christian"]
[Result "1/2-1/2"]
[Termination "normal"]
[Board "28"]
[WhiteElo "1315"]
[BlackElo "1655"]
[PlyCount "95"]
[WhiteFideId "1270049"]
[BlackFideId "24692069"]
[EventCountry "GER"]
[EventRounds "11"]
[EventType "swiss"]
[EventDate "2009.05.30"]

1. e4 e5 2. Nf3 Nc6 3. Bb5 a6 4. Ba4 Nf6 5. O-O Be7 6. Re1 b5 7. Bb3 d6 8. h3
O-O 9. c3 Nb8 10. d4 Nbd7 11. Nbd2 Bb7 12. a4 c5 13. d5 c4 14. Bc2 Re8 15. Nf1
Bf8 16. Ng3 g6 17. Be3 Nc5 18. Nh2 Qb6 19. axb5 axb5 20. Qe2 Qc7 21. Kh1 Bg7
22. Bg5 Nfd7 23. Qf3 Nb6 24. Ng4 Nbd7 25. Nh6+ Bxh6 26. Bxh6 Qd8 27. Nf5 Qf6
28. Qg3 Nxe4 29. Bxe4 Rxa1 30. Rxa1 Bxd5 31. Bxd5 Qxf5 32. Qf3 Qxf3 33. Bxf3
Nc5 34. Bc6 Rb8 35. Kg1 Nd3 36. Bxb5 Nxb2 37. Bc6 Nd3 38. Ra8 Rxa8 39. Bxa8 Nf4
40. Bxf4 exf4 41. Bd5 Kg7 42. Kf1 Kf6 43. Bxc4 Ke7 44. Ke2 f5 45. Kf3 g5 46. h4
h6 47. g3 fxg3 48. fxg3 1/2-1/2

[Event "DEM U12/U12w 2009"]
[Site "Willingen GER"]
[Date "2009.05.31"]
[Round "1"]
[White "Ruff, Maximilian"]
[Black "Lemke, Berfîn"]
[Result "1-0"]
[Termination "normal"]
[Board "29"]
[WhiteElo "1651"]
[BlackElo "1312"]
[PlyCount "61"]
[WhiteFideId "1271670"]
[BlackFideId "1270578"]
[EventCountry "GER"]
[EventRounds "11"]
[EventType "swiss"]
[EventDate "2009.05.30"]

1. e4 e5 2. Nf3 Nc6 3. Bc4 Nf6 4. d3 Bc5 5. Nc3 d6 6. Bg5 Be6 7. Bb3 O-O 8. O-O
h6 9. Bh4 Qe7 10. Qd2 Rad8 11. Nd5 Bxd5 12. Bxd5 Rfe8 13. Rae1 Rd7 14. h3 Nd8
15. Nh2 c6 16. Bb3 h5 17. Qd1 Ne6 18. Bxf6 Qxf6 19. Qxh5 Nf4 20. Qf3 Bb6 21.
Ng4 Qg6 22. Ne3 Bxe3 23. fxe3 d5 24. exf4 exf4 25. Qxf4 dxe4 26. Rxe4 Rf8 27.
Qf5 Qd6 28. Rh4 g6 29. Qf6 Qxf6 30. Rxf6 Kg7 31. Rf1 1-0

[Event "DEM U12/U12w 2009"]
[Site "Willingen GER"]
[Date "2009.05.31"]
[Round "1"]
[White "Koch, Elisabeth"]
[Black "Scheel, Henrik"]
[Result "1/2-1/2"]
[Termination "normal"]
[Board "30"]
[WhiteElo "1301"]
[BlackElo "1626"]
[PlyCount "81"]
[WhiteFideId "24695068"]
[BlackFideId "24692115"]
[EventCountry "GER"]
[EventRounds "11"]
[EventType "swiss"]
[EventDate "2009.05.30"]

1. e4 e5 2. Nf3 Nc6 3. Bc4 Bc5 4. c3 Nf6 5. d4 exd4 6. cxd4 Bb4+ 7. Bd2 Bxd2+
8. Nbxd2 d5 9. exd5 Nxd5 10. Qb3 Na5 11. Qa4+ c6 12. Bxd5 Qxd5 13. Rc1 b6 14.
b4 Nb7 15. Qxc6+ Qxc6 16. Rxc6 O-O 17. O-O Nd8 18. Rcc1 Ne6 19. Ne4 Nf4 20. Rc2
Ba6 21. Re1 Bd3 22. Rd2 Rfe8 23. Nd6 Rxe1+ 24. Nxe1 Bg6 25. Nf3 Rd8 26. Nc4 Rc8
27. Ne3 Nd3 28. b5 Nc1 29. Ne5 Bb1 30. Nc6 Kf8 31. d5 Bd3 32. d6 Ke8 33. d7+
Kxd7 34. Ne5+ Ke6 35. Nxd3 Nxd3 36. Rxd3 Rc1+ 37. Rd1 Rxd1+ 38. Nxd1 Kd5 39. a4
Kc4 40. Kf1 Kb3 41. Ke2 1/2-1/2

[Event "DEM U12/U12w 2009"]
[Site "Willingen GER"]
[Date "2009.05.31"]
[Round "1"]
[White "Schmitt, Carsten"]
[Black "Rahimi, Anita"]
[Result "1-0"]
[Termination "normal"]
[Board "31"]
[WhiteElo "1624"]
[BlackElo "1290"]
[PlyCount "31"]
[WhiteFideId "24661040"]
[BlackFideId "24692336"]
[EventCountry "GER"]
[EventRounds "11"]
[EventType "swiss"]
[EventDate "2009.05.30"]

1. d4 d5 2. c4 c6 3. Nc3 Bf5 4. cxd5 cxd5 5. Qb3 Bc8 6. Nxd5 e6 7. Nc3 Qxd4 8.
Nf3 Qd8 9. Bf4 b6 10. Rd1 Bd7 11. e3 Qc8 12. Nb5 Kd8 13. Nc7 Nc6 14. Ba6 Bb4+
15. Kf1 Qb8 16. Nxe6+ 1-0

[Event "DEM U12/U12w 2009"]
[Site "Willingen GER"]
[Date "2009.05.31"]
[Round "1"]
[White "Zimmermann, Jasmin"]
[Black "Hansch, Stephan"]
[Result "0-1"]
[Termination "normal"]
[Board "32"]
[WhiteElo "1283"]
[BlackElo "1791"]
[PlyCount "86"]
[WhiteFideId "12900400"]
[EventCountry "GER"]
[EventRounds "11"]
[EventType "swiss"]
[EventDate "2009.05.30"]

1. e4 c5 2. Nf3 d6 3. d4 cxd4 4. Nxd4 Nf6 5. Nc3 a6 6. Be3 e5 7. Nb3 Be6 8. Be2
Be7 9. O-O O-O 10. f4 Qc7 11. Qd2 Nbd7 12. Rad1 b5 13. f5 Bc4 14. Bxc4 bxc4 15.
Nc1 Qb7 16. Nd5 Nxd5 17. Qxd5 Qxd5 18. Rxd5 Nf6 19. Ra5 Nxe4 20. Ra4 d5 21. Rd1
Rfd8 22. c3 a5 23. Bb6 Bc5+ 24. Bxc5 Nxc5 25. Ra3 Ne4 26. Ne2 Rab8 27. b3 cxb3
28. Rxb3 Rxb3 29. axb3 Kf8 30. c4 d4 31. Nc1 Nc3 32. Rd2 Ke7 33. Nd3 e4 34. Nf4
Kf6 35. Ne2 Nxe2+ 36. Rxe2 d3 37. Re1 d2 38. Rd1 e3 39. Kf1 Kxf5 40. Ke2 Ke4
41. g3 f5 42. Rf1 g5 43. h4 f4 0-1